Famous Directors by Picture - Statistics

General Stats
  • This quiz has been taken 177 times
  • The average score is 16 of 24
Answer Stats
Picture Answer % Correct
Martin Scorsese
90%
Alfred Hitchcock
88%
Quentin Tarantino
88%
Ben Affleck
86%
James Cameron
84%
Clint Eastwood
81%
Christopher Nolan
80%
Steven Spielberg
80%
George Lucas
76%
Sofia Coppola
74%
Woody Allen
74%
Wes Anderson
69%
Orson Welles
62%
Guillermo del Toro
61%
Francis Ford Coppola
60%
Peter Jackson
60%
Robert Redford
58%
Tim Burton
58%
Stanley Kubrick
52%
Ron Howard
50%
Taika Waititi
44%
David Fincher
42%
Kevin Smith
39%
Zack Snyder
29%
No matching quizzes found
Score Distribution
Percent of People with Each Score
Percentile by Number Answered
Your Score History
You have not taken this quiz